000 00723nam a22002177a 4500
003 UA-OsUOA
001 46175
007 ta
008 20070607b un ||||| |||| 00| 0 ukr d
100 _aЛарина Т.В.
090 _a81
_bЛ-11
942 _cSA
040 _aUA-OsUOA
_brus
_cUA-OsUOA
_dUA-OsUOA
245 _aДоминантные черты английского вербального коммуникативного поведения
300 _aС. 71-82
955 _a0
041 _arus
080 _a81
773 0 _w46174
_tФилологические науки
_dМ.
_d2007
_g2
650 7 _a8 Мовознавство. Художня література. Літературознавство
_2UDC
999 _c332269
_d332269